Inflación en Costa Rica: Una aplicación del enfoque monetario de la balanza de pagos /

Guardat en:
Dades bibliogràfiques
Autor principal: Sánchez Zúmbado, María Lourdes
Altres autors: Zúñiga Fallas, Norberto
Format: Text
Etiquetes: Afegir etiqueta
Sense etiquetes, Sigues el primer a etiquetar aquest registre!

MARC

LEADER 00000 a a2200000 04500
001 3077
003
040
100 |a Sánchez Zúmbado, María Lourdes  
245 |a Inflación en Costa Rica:   |b Una aplicación del enfoque monetario de la balanza de pagos /  |c María Lourdes Sánchez Zúmbado 
700 |a Zúñiga Fallas, Norberto  
773 |g volumen 4, número 2; páginas 17-30  
999 |c 29046  |d 29046